Alle Songs von Helene Fischer - Statistiken

Allgemein
  • Dieses Quiz wurde 201 mal gespielt
  • Das Durchschnittsergebnis liegt bei 27 aus 156
Antwortstatistiken
Alle Songs % Korrekt
Atemlos durch die Nacht
93%
Herzbeben
68%
Achterbahn
67%
Vamos a marte
46%
Fehlerfrei
45%
Phänomen
45%
Blitz
44%
Flieger
43%
Nur mit dir
43%
Rausch
43%
Luftballon
41%
Unser Tag
41%
Von hier bis unendlich
41%
Die Hölle morgen früh
39%
Hand in Hand
39%
Marathon
36%
Liebe ist ein Tanz
35%
Und morgen früh küss‘ ich dich wach
35%
Mit keinem andern
34%
Spiele
34%
Die Erste deiner Art
32%
Volle Kraft voraus
32%
Jetzt oder nie
31%
Mitten im Paradies
31%
Wunden
31%
Hundert Prozent
30%
Zuhaus
29%
Alles von mir
28%
Mit dem Wind
28%
Genau dieses Gefühl
27%
Viva la vida
27%
Wann wachen wir auf
27%
Wenn alles durchdreht
27%
Wir zwei
27%
Engel ohne Flügel
26%
Sowieso
26%
Adieu
24%
Alice im Wunderland
24%
Lieb‘ mich
24%
Wir brechen das Schweigen
24%
Feuer am Horizont
23%
Glückwärts
23%
Sonne auf der Haut
23%
Danke für dich
22%
Du hast mich stark gemacht
22%
Schmetterling
22%
Te quiero
22%
Villa in der Schlossallee
22%
Wenn du lachst
22%
Zaubermond
22%
Mit jedem Herzschlag
21%
Bis du wieder scheinst
20%
Copilot
20%
Ein kleines Glück
20%
Feuerwerk
20%
Für einen Tag
20%
Lieb mich dann
20%
Gib mir deine Hand
19%
Nichts auf der Welt
19%
Schon lang nicht mehr getanzt
19%
Das volle Programm
18%
Die schönste Reise
18%
Genau mein Ding
18%
Wir werden eins
18%
Zeit
18%
Captain meiner Seele
17%
So kann das Leben sein
17%
Auf der Suche nach mir
16%
Du lässt mich sein, so wie ich bin
16%
Ich wollte mich nie mehr verlieben
16%
Nur wer den Wahnsinn liebt
16%
So nah wie du
16%
Wär‘ heut‘ mein letzter Tag
16%
Weil Liebe nie zerbricht
16%
Wunder dich nicht
16%
Der Augenblick
15%
Allein im Licht
14%
Du fängst mich auf und lässt mich fliegen
14%
Ehrlich und klar
14%
Geradeaus
14%
König der Herzen
14%
Sehnsucht
14%
Wolkenträumer
14%
In diesen Nächten
13%
Lass mich in dein Leben
13%
Nul auf 100
12%
Die Sonne kann warten
11%
Doch ich bereu‘ dich nicht
11%
Du kennst mich doch
11%
Mal ganz ehrlich
11%
Am Ende sind wir stark genug
10%
Ich lebe jetzt
10%
Tausend gute Gründe
10%
Beim Träumen ist alles erlaubt
9%
Du hast mein Herz berührt
9%
Einfach reden oder so
9%
Engel geh‘n durchs Feuer
9%
Ewig ist manchmal zu lang
9%
Frag nicht wo und wann
9%
Ich glaub dir hundert Lügen
9%
Ist doch kein Wunder
9%
Vergeben, vergessen und wieder vertrau‘n
9%
Du triffst mitten ins Herz
8%
Einmal berührt - Für immer verführt
8%
Es gibt ihn also doch
8%
Im Kartenhaus der Träume
8%
Im Reigen der Gefühle
8%
Das Karusell in meinem Bauch
7%
Fantasie hat Flügel
7%
Hab den Himmel berührt
7%
Hinter den Tränen
7%
Ich brauch‘ das Gefühl
7%
Ich will spüren, dass ich lebe
7%
Jeder braucht eine Insel
7%
Lass diese Nacht nie mehr enden
7%
Das absolute Herzgefühl
6%
Gefühle wie Feuer und Eis
6%
Manchmal kommt die Liebe einfach so
6%
Mut zum Gefühl
6%
Tanz noch einmal mit mir
6%
Auf der Reise ins Licht
5%
Frag‘ nicht - ich mag dich
5%
Ich geb nie auf
5%
Jeden Morgen wird die Sonne neu gebor‘n
5%
Nicht von dieser Welt
5%
Schatten im Regenbogenland
5%
Und ich vermiss dich auch
5%
Vielleicht bin ich viel stärker als du denkst
5%
Von Null auf Sehnsucht
5%
Wer will denn schon vernünftig sein
5%
Willkommen in meinen Träumen
5%
Es gibt keinen Morgen danach
4%
Solang dein Herz noch für mich schlägt
4%
Verlieb‘ dich nie nach Mitternacht
4%
Wo das Leben tanzt
4%
Leave me
3%
See you again
3%
Und wenn‘s so wär
3%
Wake me up
3%
You let me shine
3%
You‘re my destination
3%
Zirkustraum
3%
Don‘t ask
2%
Everything I need
2%
From Here Til Forever
2%
Goodbye my Love
2%
Ich will immer wieder diese Fieber spür‘n
2%
I‘ll walk with you
2%
Only Dreamers
2%
Tocka
2%
Heaven is here
1%
My Heart belongs to You
1%
Sometimes Love
1%
Sweet Surrender
1%
Das letze Wort hat die Liebe
0%
Zwichen Himmel und Erde
0%
Keine übereinstimmenden Quizze gefunden
Verteilung der Resultate
Anzahl Personen mit jedem Resultat
Perzentil nach korrekt beantworteten Fragen
Ihre Resultats-Entwicklung
Sie haben dieses Quiz noch nicht gespielt